[Event "Berlin-ch Seniors op 30th"]
[Site "Berlin"]
[Date "2014.02.02"]
[Round "4"]
[White "Fieguth, Bernd"]
[Black "Schulz, Wolfgang"]
[Result "1/2-1/2"]
[WhiteElo "1842"]
[BlackElo "1954"]
[PlyCount "59"]
[EventDate "2014.01.30"]
[EventType "swiss"]
[EventRounds "9"]
[EventCountry "GER"]
[SourceTitle "EXT 2018"]
[Source "ChessBase"]
[SourceDate "2017.10.13"]
[SourceVersion "1"]
[SourceVersionDate "2017.10.13"]
[SourceQuality "1"]

1. c4 g6 2. g3 Bg7 3. Bg2 d6 4. Nc3 e5 5. Nf3 Nc6 6. 0-0 Nf6 7. d3 0-0 8. h3 Re8 9. e4 Nd7 10. Bg5 f6 11. Be3 Nd4 12. Nxd4 exd4 13. Bxd4 Nf8 14. Qd2 Ne6 15. Be3 Ng5 16. h4 Nf7 17. f4 c6 18. Rae1 Bd7 19. Kh2 Qc8 20. Rf2 Nh6 21. Bf3 Ng4+ 22. Bxg4 Bxg4 23. d4 Qd7 24. Qd3 Re7 25. d5 c5 26. Bc1 Rae8 27. Ref1 Bh3 28. Re1 Bg4 29. Ref1 a6 30. a4 1/2-1/2

[Event "Berlin Lichtenberger op 8th"]
[Site "Berlin"]
[Date "2009.08.16"]
[Round "2"]
[White "Fieguth, Bernd"]
[Black "Neffe, Axel"]
[Result "0-1"]
[WhiteElo "1887"]
[BlackElo "2235"]
[PlyCount "50"]
[EventDate "2009.08.15"]
[EventType "swiss"]
[EventRounds "9"]
[EventCountry "GER"]
[SourceTitle "CBM 131 Extra"]
[Source "ChessBase"]
[SourceDate "2009.09.03"]
[SourceVersion "2"]
[SourceVersionDate "2009.09.16"]
[SourceQuality "1"]

1. e4 c5 2. c3 Nf6 3. e5 Nd5 4. d4 cxd4 5. Nf3 Nc6 6. Bc4 Nb6 7. Bb3 d5 8. exd6 Qxd6 9. 0-0 Be6 10. Bxe6 Qxe6 11. Nxd4 Nxd4 12. Qxd4 Rd8 13. Qf4 Qc6 14. Nd2 g6 15. Nf3 Bg7 16. Qh4 f6 17. Nd4 Qc8 18. Bh6 0-0 19. Bxg7 Kxg7 20. Qg3 e5 21. Nb3 Nd5 22. Qf3 Rd7 23. Rfe1 Rfd8 24. Re4 Nf4 25. g3 Nh3+ 0-1

[Event "Berlin-ch Seniors op 25th"]
[Site "Berlin"]
[Date "2009.02.19"]
[Round "8"]
[White "Fieguth, Bernd"]
[Black "Schraepel, Manfred"]
[Result "1-0"]
[WhiteElo "1867"]
[BlackElo "1725"]
[PlyCount "93"]
[EventDate "2009.02.12"]
[EventType "swiss"]
[EventRounds "9"]
[EventCountry "GER"]
[SourceTitle "EXT 2022"]
[Source "ChessBase"]
[SourceDate "2021.10.06"]
[SourceVersion "1"]
[SourceVersionDate "2021.10.06"]
[SourceQuality "1"]

1. e4 c5 2. c3 e6 3. d4 d5 4. exd5 Qxd5 5. Nf3 a6 6. Be2 Nf6 7. 0-0 Be7 8. c4 Qd8 9. Nc3 cxd4 10. Nxd4 e5 11. Nf3 Nbd7 12. Be3 0-0 13. h3 b6 14. Qb3 Bc5 15. Bg5 Qc7 16. Rad1 Bb7 17. Qc2 Rfe8 18. Bh4 e4 19. Nd4 Bd6 20. Nf5 Be5 21. Ne3 Qc6 22. a3 Rac8 23. b4 h5 24. Qb3 Qe6 25. Ncd5 g6 26. Bg5 Nh7 27. Bf4 f5 28. Rd2 Kg7 29. Rfd1 Nhf6 30. Nxf6 Nxf6 31. Bxe5 Qxe5 32. c5 b5 33. a4 Bc6 34. axb5 axb5 35. Rd6 Re7 36. Nc2 f4 37. Nd4 Bd5 38. Qc2 f3 39. Bxb5 e3 40. Nxf3 Bxf3 41. gxf3 Qg5+ 42. Kh1 Qh4 43. Kg2 Qxb4 44. Rxf6 Kxf6 45. Rd6+ Ke5 46. Qxg6 Qxc5 47. Qf6# 1-0

[Event "Berlin-ch Seniors op 25th"]
[Site "Berlin"]
[Date "2009.02.17"]
[Round "6"]
[White "Zschaebitz, Klaus"]
[Black "Fieguth, Bernd"]
[Result "1-0"]
[WhiteElo "2111"]
[BlackElo "1867"]
[PlyCount "47"]
[EventDate "2009.02.12"]
[EventType "swiss"]
[EventRounds "9"]
[EventCountry "GER"]
[SourceTitle "EXT 2022"]
[Source "ChessBase"]
[SourceDate "2021.10.06"]
[SourceVersion "1"]
[SourceVersionDate "2021.10.06"]
[SourceQuality "1"]

1. Nf3 Nf6 2. c4 g6 3. Nc3 Bg7 4. e4 d6 5. d4 0-0 6. h3 h6 7. Be3 c6 8. Be2 a5 9. Nd2 Nbd7 10. f4 e5 11. fxe5 dxe5 12. d5 Ne8 13. g4 f5 14. gxf5 gxf5 15. Nf3 Nef6 16. exf5 cxd5 17. Nxd5 e4 18. Nh2 Ne5 19. Bb6 Qd6 20. Bc7 Qd7 21. Bxe5 Nxd5 22. Bxg7 Rxf5 23. Bxh6 Ra6 24. Rg1+ 1-0

[Event "Berlin-ch Seniors op 23rd"]
[Site "Berlin"]
[Date "2007.02.11"]
[Round "7"]
[White "Fieguth, Bernd"]
[Black "Zum Winkel, Wolfgang"]
[Result "1-0"]
[WhiteElo "1888"]
[BlackElo "1879"]
[PlyCount "59"]
[EventDate "2007.02.05"]
[EventType "swiss"]
[EventRounds "9"]
[EventCountry "GER"]
[SourceTitle "EXT 2022"]
[Source "ChessBase"]
[SourceDate "2021.10.06"]
[SourceVersion "1"]
[SourceVersionDate "2021.10.06"]
[SourceQuality "1"]

1. e4 Nf6 2. Nc3 d5 3. e5 d4 4. exf6 dxc3 5. fxg7 cxd2+ 6. Bxd2 Bxg7 7. Qf3 Qd6 8. 0-0-0 Qf6 9. Qb3 Be6 10. Qxb7 0-0 11. Kb1 Bd5 12. Qb4 Nc6 13. Qc3 Qe6 14. Qg3 Rfd8 15. Bd3 Bxa2+ 16. Ka1 Rxd3 17. Qxd3 Rd8 18. Qe2 Qd5 19. Nf3 Bxb2+ 20. Kxb2 Rb8+ 21. Ka1 Bc4 22. Qe3 f6 23. Rb1 Rd8 24. Rhd1 a5 25. Bc3 Qxd1 26. Rxd1 Rxd1+ 27. Kb2 Rd6 28. Nd4 Ne5 29. f4 Rb6+ 30. Kc1 1-0

[Event "Berlin-ch Seniors op 23rd"]
[Site "Berlin"]
[Date "2007.02.07"]
[Round "3"]
[White "Fieguth, Bernd"]
[Black "Badestein, Hartmut"]
[Result "0-1"]
[WhiteElo "1888"]
[BlackElo "2061"]
[PlyCount "90"]
[EventDate "2007.02.05"]
[EventType "swiss"]
[EventRounds "9"]
[EventCountry "GER"]
[SourceTitle "EXT 2022"]
[Source "ChessBase"]
[SourceDate "2021.10.06"]
[SourceVersion "1"]
[SourceVersionDate "2021.10.06"]
[SourceQuality "1"]

1. e4 c5 2. c3 e6 3. Nf3 d5 4. exd5 exd5 5. d4 Nc6 6. Be3 cxd4 7. Nxd4 Nf6 8. Bb5 Bd7 9. 0-0 Bd6 10. Nd2 0-0 11. Be2 h6 12. Qc2 Nxd4 13. Bxd4 Re8 14. Bf3 Qe7 15. Rad1 Ng4 16. h3 Nh2 17. Bxd5 Nxf1 18. Nxf1 Bc6 19. Qg6 Qf8 20. Bxf7+ Qxf7 21. Qxd6 Qxa2 22. Ne3 Qf7 23. Ng4 Re6 24. Qc5 Qg6 25. f3 Bxf3 26. gxf3 h5 27. Qd5 hxg4 28. hxg4 Qf7 29. Be5 Re7 30. Kf2 Rae8 31. Qxf7+ Kxf7 32. f4 g5 33. Rd2 gxf4 34. Bxf4 Kg6 35. Kf3 Re6 36. Rd7 R8e7 37. Rd3 Rb6 38. b4 Rc6 39. Be3 Rf6+ 40. Bf4 b5 41. Rd5 Rc7 42. Rc5 Rxc5 43. bxc5 a5 44. Ke4 a4 45. g5 Rf8 0-1

[Event "Berlin op 09"]
[Site "Berlin"]
[Date "2006.10.01"]
[Round "2"]
[White "Schatz, Walter"]
[Black "Fieguth, Bernd"]
[Result "1-0"]
[WhiteElo "2125"]
[BlackElo "1860"]
[PlyCount "65"]
[EventDate "2006.09.30"]
[EventType "swiss"]
[EventRounds "9"]
[EventCountry "GER"]
[SourceTitle "EXT 2007"]
[Source "ChessBase"]
[SourceDate "2006.11.23"]
[SourceVersion "1"]
[SourceVersionDate "2006.11.23"]
[SourceQuality "1"]

1. d4 Nf6 2. c4 c5 3. Nf3 g6 4. Nc3 Bg7 5. e4 0-0 6. Be2 d6 7. 0-0 Nbd7 8. d5 Ng4 9. Ne1 f5 10. Bxg4 fxg4 11. Qxg4 Ne5 12. Qe2 Bg4 13. f3 Bd7 14. h3 e6 15. f4 Nf7 16. Nf3 Qe7 17. Bd2 a6 18. a4 b6 19. Rfe1 e5 20. Rab1 Rab8 21. Qd3 h6 22. f5 g5 23. b4 Rfc8 24. Be3 Qe8 25. bxc5 bxc5 26. Qc2 Rb4 27. Qa2 Rcb8 28. a5 R8b7 29. Rxb4 Rxb4 30. Rb1 Qb8 31. Bd2 Bf6 32. Rxb4 Qxb4 33. Nb5 1-0